Vendetta : eine Erzählung aus Korsika /

Bibliographic Details
Main Author: Etlar, Carit, 1816-1900
Other Authors: Mann, Mathilde, 1859-1925
Format: Book
Language:German
Published: Leipzig : P. Reclam jun, [1899]
Series:Universal-Bibliothek (Leipzig, Germany) ; 3971-3972.
Subjects:

MARC

Tag First Indicator Second Indicator Subfields
LEADER 00000cam a2200000Ia 4500
001 in00002777022
005 20150922121250.0
008 850129s1899 gw 000 f ger d
035 |a (OCoLC)ocm11632462 
040 |a RCE  |c RCE  |d OCLCG  |d TXA  |d UtOrBLW 
041 1 |a ger  |h dan 
043 |a e-fr--- 
049 |a TXAM 
050 4 |a PT8125.B87  |b V4 
050 4 |a PT8125.B87  |b V4615 1899 
100 1 |a Etlar, Carit,  |d 1816-1900. 
240 1 0 |a Vendetta.  |l German 
245 1 0 |a Vendetta :  |b eine Erzählung aus Korsika /  |c Carit Etlar ; autorisierte Übersetzung aus dem Dänischen von Mathilde Mann. 
264 1 |a Leipzig :  |b P. Reclam jun,  |c [1899] 
300 |a 195 pages ;  |c 15 cm. 
336 |a text  |b txt  |2 rdacontent 
337 |a unmediated  |b n  |2 rdamedia 
338 |a volume  |b nc  |2 rdacarrier 
490 0 |a Reclams Unterhaltung-Bibliothek für Reise und Haus ;  |v 6 
490 1 |a [Reclam's Universal-Bibliothek ;  |v Nr. 3971-3972] 
500 |a Publication date information from: Kayser, Bücher-Lexicon, 1899-1902. 
501 |a With: Folk in nød. German. Selections / Carit Etlar. Leipzig : P. Reclam, [1882?] 
650 0 |a Brigands and robbers  |v Fiction. 
651 0 |a Corsica (France)  |x History  |y 19th century  |v Fiction. 
700 1 |a Mann, Mathilde,  |d 1859-1925. 
830 0 |a Universal-Bibliothek (Leipzig, Germany) ;  |v 3971-3972. 
948 |a cataloged  |b h  |c 2012/10/1  |d c  |e jmarner  |f 11:10:56 am 
994 |a C0  |b TXA 
999 |a MARS 
999 f f |s e4850d28-99d6-3462-bcf9-2eb958b3bbef  |i a4e6ce57-3769-3a18-a793-d2585969d923  |t 0 
952 f f |p normal  |a Texas A&M University  |b College Station  |c Sterling C. Evans Library  |d Evans: Library Stacks  |t 0  |e PT8125.B87 F65215 1882  |h Library of Congress classification  |i unmediated -- volume  |m A14841467072 
952 f f |a Texas A&M University  |b College Station  |c Sterling C. Evans Library  |d Evans: Library Stacks  |t 0  |e PT8125.B87 F65215 1882  |h Library of Congress classification 
998 f f |a PT8125.B87 F65215 1882  |t 0  |l Evans: Library Stacks